000 01372cam a22003617a 4500
003 CHAP
005 20220329142023.0
008 990304d1998 mx r 00110 spa d
010 _a77169
011 _a78141
035 _a87993
040 _cCHAP
090 _aTesis
100 0 0 _aJiménez Ceballos, María Eugenia.
_961469
245 1 0 _aUtilización de la técnica de % G-C para el diagnóstico de bacterias, aisladas de tamarindo (Tamarindus indica) y anturio (Anthurium spp.)
_c/por Ma. Eugenia Jiménez Ceballos
260 _aChapingo, Méx. :
_bEl autor,
_c1998.
300 _a47 h.
502 _aTesis (Ing. Agr. Esp. en Parasitología Agrícola) -- UACH. Departamento de Parasitología Agrícola
590 _aALEPH
_b10
_c20130110
_lUCH01
_h1428
590 _aBATCH-UPD
_b10
_c20130110
_lUCH01
_h0602
590 _aBATCH-UPD
_b10
_c20130410
_lUCH01
_h0244
590 _aBATCH-UPD
_b10
_c20130914
_lUCH01
_h0519
590 _aCONVERSION
_b10
_c20130109
_lUCH01
_h1342
650 1 4 _aAnturio.
_96152
650 1 4 _aBacterias fitopatógenas.
_99326
650 1 4 _aTamarindo
_xEnfermedades por bacterias.
_9111507
901 _aBK
905 _aGuadalupe Pinto C.
942 _cFOLL
949 _bBC
_cTES
_d33724000706735
_eTS2
_fc.3
_h33832
_i87993
_sb
949 _bBC
_cTES
_d33724000711958
_eTS2
_fc.2
_h33831
_i87993
_si
949 _bBC
_cTES
_d879931
_eTS1
_h33830
_i87993
_sb
999 _c77169
_d77169